Dzielnice Jeleniej Góry (z mapą) - Statystyki

Ogólne statystyki
  • Ten quiz został rozwiązany 5 877 razy
  • Średni wynik to 4 z 8
Odpowiedzi na mapie
Odpowiedzi zakodowano w zielono-czerwonej skali na mapie do tego quizu, zgodnie z poniższymi procentami.
 
Statystyki odpowiedzi
Odpowiedź % Poprawnych
Cieplice Śląskie-Zdrój
75%
Centrum
71%
Zabobrze
54%
Sobieszów
52%
Czarne
42%
Jagniątków
38%
Maciejowa
37%
Goduszyn
35%
Nie znaleziono quizów pasujących do podanych kryteriów
Rozkład punktacji
Procent ludzi z każdym wynikiem
Percentyl według liczby udzielonych odpowiedzi
Twoja historia wyników
Nie rozwiązałeś tego quizu